000 00559nam a2200217Ia 4500
005 20260429112119.0
008 260429s9999||||xx |||||||||||||| ||und||
020 _a9789357466448
041 _aEnglish
082 _a519.5
_bMAN
100 _aMann, prem S.
245 0 _aIntroductory statistics /
_cprem S. Mann
250 _a10th ed.
260 _aNew Delhi :
_bWiley,
_c2024.
300 _axvii, 700 p.; pbk
650 _aStatistics
700 _a Guha, Suman
700 _a Kapoor, Harmanpreet Singh
700 _a Singh, Ravinder
942 _cTB
999 _c52423
_d52423